| 000 | 00852nam a22002417a 4500 | ||
|---|---|---|---|
| 942 | _cBK | ||
| 999 |
_c562 _d562 |
||
| 005 | 20250420134816.0 | ||
| 008 | 200809b ||||| |||| 00| 0 eng d | ||
| 020 | _a9781316629956 | ||
| 040 |
_aKCST _cKCST |
||
| 082 |
_a428.24 _bOd En |
||
| 100 |
_aO'Dell, Felicity _94924 |
||
| 245 |
_aEnglish collocations in use : advanced : _bhow words work together for fluent and natural English, self-study and classroom use / _cFelicity O'Dell; Michael McCarthy |
||
| 250 | _a2nd edition | ||
| 260 |
_aCamridge: _bCambridge University Press; _c2017. |
||
| 300 | _a186 p. | ||
| 650 |
_aCollocation (Linguistics) _94925 |
||
| 650 |
_aEnglish language _vProblems, exercises, etc. _94926 |
||
| 650 |
_aEnglish language _vTextbooks for foreign speakers. _94734 |
||
| 655 |
_aTextbooks. _94759 |
||
| 700 |
_aMcCarthy, Michael _94927 |
||
| 942 | _2ddc | ||